<The> world of learning 1980-81
Gespeichert in:
| Format: | Buch |
|---|---|
| Sprache: | Englisch |
| Veröffentlicht: |
London
Europa Publications
1980
|
| Ausgabe: | 31. Ed. |
| Tags: |
Keine Tags, Fügen Sie das erste Tag hinzu!
|
MARC
| LEADER | 00000nam a2200000 4500 | ||
|---|---|---|---|
| 001 | c138342 | ||
| 005 | 20260326104758.6 | ||
| 041 | 0 | |a eng | |
| 044 | |a GB | ||
| 245 | 1 | 0 | |a <The> world of learning 1980-81 |
| 250 | |a 31. Ed. | ||
| 264 | 1 | |a London |b Europa Publications |c 1980 | |
| 300 | |a S. 1097-2110 | ||